47沖縄県の市町村 - Statistics

General Stats
  • This quiz has been taken 119 times
    113 since last reset
  • The average score is 20 of 41
Answer Stats
Answer % Correct
那覇市
99%
沖縄市
93%
うるま市
89%
名護市
84%
石垣市
83%
宜野湾市
80%
浦添市
74%
豊見城市
71%
糸満市
70%
宮古島市
69%
南城市
64%
国頭郡国頭村
47%
国頭郡東村
46%
国頭郡恩納村
41%
八重山郡竹富町
41%
八重山郡与那国町
41%
国頭郡今帰仁村
40%
国頭郡本部町
40%
島尻郡渡名喜村
39%
国頭郡金武町
37%
国頭郡伊江村
37%
中頭郡読谷村
37%
中頭郡北谷町
37%
中頭郡北中城村
37%
中頭郡中城村
37%
島尻郡渡嘉敷村
37%
島尻郡南大東村
37%
島尻郡北大東村
37%
中頭郡嘉手納町
36%
島尻郡粟国村
36%
島尻郡伊是名村
36%
島尻郡久米島町
36%
国頭郡大宜味村
34%
国頭郡宜野座村
34%
中頭郡西原町
34%
島尻郡南風原町
34%
島尻郡伊平屋村
34%
島尻郡与那原町
33%
島尻郡座間味村
31%
宮古郡多良間村
27%
島尻郡八重瀬町
26%
No matching quizzes found
Score Distribution
Percent of People with Each Score
Percentile by Number Answered
Your Score History
You have not taken this quiz since the last reset